000 00341nam a2200133Ia 4500
008 220530s9999 xx 000 0 und d
041 _aeng
082 _a510
_bDAS
100 _aDass H K
_955201
245 _aAdvanced Engineering Mathematics
260 _aNew Delhi
_bS Chand Publishers
_c2011
300 _a1358
_bPB
906 _a131.25
_bALIED
999 _c50296
_d50296